Biggest Los Angeles Suburbs - Statistics

General Stats
  • This quiz has been taken 121 times
  • The average score is 6 of 10
Answer Stats
# Pop. Answer % Correct
1 466,742 Long Beach
95%
2 346,824 Anaheim
86%
3 314,998 Riverside
72%
4 310,227 Santa Ana
72%
7 222,101 San Bernardino
66%
5 307,670 Irvine
65%
6 228,673 Santa Clarita
44%
10 202,063 Oxnard
32%
9 208,393 Fontana
27%
8 208,634 Moreno Valley
20%
No matching quizzes found
Score Distribution
Percent of People with Each Score
Percentile by Number Answered
Your Score History
You have not taken this quiz